An intire system of arithmetic (Record no. 113672)

MARC details
000 -LEADER
fixed length control field 02403cam a22001935a 4500
001 - CONTROL NUMBER
control field L155574
008 - FIXED-LENGTH DATA ELEMENTS--GENERAL INFORMATION
fixed length control field 120329s1731 xxk f 000 0 eng d
035 ## - SYSTEM CONTROL NUMBER
System control number (Sirsi) u155574
041 0# - LANGUAGE CODE
Language code of text/sound track or separate title eng
100 1# - MAIN ENTRY--PERSONAL NAME
Personal name Hatton, Edward
Dates associated with a name b. 1664?
245 03 - TITLE STATEMENT
Title An intire system of arithmetic
Remainder of title or arithmetic in all its parts. Containing I. Vulgar. II. Decimal. III. Duodecimal. IV. Sexagesimal. V. Political. VI. Logarithmical. Vii. Lineal. Viii. Instrumental. IX. Algebraical. With the Arithmetic of Negatives, and Approximation or Converging Series. The whole intermix'd with rules new, curious, and useful, mostly accounted for in the preface. The Algebraic Part is rendered more Plain and Easy, than hath been done, by Instructive Rules and Examples Literally and Numerally, in a Method New: Solving Equations, Simple, Quadratic, Cubic, &c. several ways. And in the proper Places of this Work are An Accurate Table of Logarithms to 10000, and Rule to find those to 100000000, and Natural Numbers to such Logarithms; with the full Use of the Table in Multiplication, Division. Involution, Evolution, and in the Solution of all Cases of Compound Interest, of which there are 21 Large and Exquisite Tables, (and one for the Valuation of Church or College-Leases of their Land) as also those of Simple Interest and Discount, with a new Method of finding the later and the present Worth of Money for Days. Also Ample Definitions and Explanations of Numbers, Quantities and Terms used in all Parts of Arithmetic, in Alphabetical Order; rendring the Whole more Intelligible, and the Easier Learned. With an appendix, shewing the Mensuration of more Superficies and Solids than any Book wrote purposely on that Subject has exhibited. This Treatise, for Copiousness and Novelty of Matter and Method, for exceeding the most Perfect Arithmetic extant. Necessary for all who would in a short Time, and with little Study, acquire a competent Knowledge of Numbers and Species, or would make any considerable Progress in the Mathematicks. By Edward Hatton, Gent.
250 ## - EDITION STATEMENT
Edition statement The second edition, with additions
260 ## - PUBLICATION, DISTRIBUTION, ETC.
Place of publication, distribution, etc. London
Name of publisher, distributor, etc. printed for G. Strahan, at the Golden-Ball, over against the Royal-Exchange in Cornhill
Date of publication, distribution, etc. 1731
300 ## - PHYSICAL DESCRIPTION
Extent [4], xvi, 476 p., plates
Other physical details port.
Dimensions 4o
583 ## - ACTION NOTE
Action Condition reviewed
Time/date of action 20120620
Status condition level 2
651 #4 - SUBJECT ADDED ENTRY--GEOGRAPHIC NAME
Geographic name Great Britain
Chronological subdivision 1707-
690 ## - LOCAL SUBJECT ADDED ENTRY--TOPICAL TERM (OCLC, RLIN)
Topical term or geographic name as entry element Measurement
9 (RLIN) 6256
942 ## - ADDED ENTRY ELEMENTS (KOHA)
Suppress in OPAC 0
Holdings
Withdrawn status Lost status Source of classification or shelving scheme Damaged status Not for loan Home library Current library Shelving location Date acquired Total Checkouts Full call number Barcode Date last seen Copy number Price effective from Koha item type
    Dewey Decimal Classification     Historic collection Historic collection Historic collection 29/03/2012   QUARTO 1731 HATTON 30076817 06/08/2019 1 06/08/2019 Book